000 00460nam a2200169Ia 4500
003 OSt
005 20200925121600.0
008 190216s9999||||xx |||||||||||||| ||und||
040 _coclc
082 _a577
_bARU/E
100 _aArumugam, N
_94911
245 0 _aEcology And Toxicology /
_cN Arumugam
260 _bSaras Publications,
_aNagercoil:
_c2004.
300 _a186p
650 _aBotany
942 _cBK
_2ddc
_h577
_iARU/E
_k577
_mARU/E
999 _c1565
_d1565